Best Cities for Quality of Life - Statistics

General Stats
  • This quiz has been taken 261 times
  • The average score is 10 of 11
Answer Stats
Rank City Country % Correct
10= Amsterdam Netherlands
96%
4 Vienna Austria
96%
6 Bern Switzerland
95%
9 Sydney Australia
94%
3 Vancouver Canada
94%
7 Copenhagen Denmark
93%
10= Munich Germany
92%
1 Zurich Switzerland
91%
5 Auckland New Zealand
87%
2 Geneva Switzerland
82%
8 Frankfurt Germany
74%
No matching quizzes found
Score Distribution
Percent of People with Each Score
Percentile by Number Answered
Your Score History
You have not taken this quiz